Người Việt ở Maxcơva : Về những người có chí làm giàu ở CHLB Nga

Đã lưu trong:
Bibliografiske detaljer
Hovedforfatter: Hà Chuyên
Format: Bog
Sprog:Undetermined
Udgivet: H. Thanh Niên 2002
Fag:
Tags: Tilføj Tag
Ingen Tags, Vær først til at tagge denne postø!
Thư viện lưu trữ: Trung tâm Học liệu Trường Đại học Cần Thơ
LEADER 00541nam a2200181Ia 4500
001 CTU_54242
008 210402s9999 xx 000 0 und d
020 |b 34000 
082 |a 658.47 
082 |b Ch527 
100 |a Hà Chuyên 
245 0 |a Người Việt ở Maxcơva : Về những người có chí làm giàu ở CHLB Nga 
245 0 |c Hà Chuyên 
260 |a H. 
260 |b Thanh Niên 
260 |c 2002 
650 |a business intelligence 
980 |a Trung tâm Học liệu Trường Đại học Cần Thơ